La resolucion acusatoria y acusacion por indicios / (Registro nro. 49794)

Detalles MARC
000 -LEADER
fixed length control field 01286nam a2200265 4500
001 - CONTROL NUMBER
control field 0000017840
003 - CONTROL NUMBER IDENTIFIER
control field CO-CtgCURN
005 - DATE AND TIME OF LATEST TRANSACTION
control field 20250828152810.0
008 - FIXED-LENGTH DATA ELEMENTS--GENERAL INFORMATION
fixed length control field 160627s1999 000 0 eng d
020 ## - INTERNATIONAL STANDARD BOOK NUMBER
International Standard Book Number 9586902013
040 ## - CATALOGING SOURCE
Original cataloging agency CO-CtgCURN
Language of cataloging spa
Transcribing agency coctgcurn
082 0# - DEWEY DECIMAL CLASSIFICATION NUMBER
Classification number 347.06
Item number F43r
100 1# - MAIN ENTRY--PERSONAL NAME
Personal name Fierro-Mendez, Heliodoro.
245 13 - TITLE STATEMENT
Title La resolucion acusatoria y acusacion por indicios /
Statement of responsibility, etc. Heliodoro Fierro-Mendez.
260 ## - PUBLICATION, DISTRIBUTION, ETC.
Place of publication, distribution, etc. Bogotá :
Name of publisher, distributor, etc. Leyer,
Date of publication, distribution, etc. 1999.
300 ## - PHYSICAL DESCRIPTION
Extent 143 p.
336 ## - CONTENT TYPE
Source rdacontent
337 ## - MEDIA TYPE
Source rdamedia
Media type term sin mediacion
Media type code n
338 ## - CARRIER TYPE
Source rdacarrier
Carrier type term volumen
Carrier type code nc
505 8# - FORMATTED CONTENTS NOTE
Formatted contents note Imputacion de las circunstancas de agravacion punitiva a travesde la jurisprudencia de la corte suprema de justicia.--Imputacion de las circunstancias de agravacion punitiva a traves de la jurisprudencia de la corte constitucional.--Las circunstancia de agravacion punitiva en el contexto del injusto culpable.--Imputacion de la esencia segun la corte constitucional.--Hacia una propuesta teorica.--Estructura del indicio.--Forma de evidenciar los errores en la construcción del indicio
650 #0 - SUBJECT ADDED ENTRY--TOPICAL TERM
Topical term or geographic name entry element Procedimiento penal.
908 ## - PUT COMMAND PARAMETER (RLIN)
Put command parameter 160627
942 ## - ADDED ENTRY ELEMENTS (KOHA)
Koha item type Libros
Classification part 347.06
Item part F43r
Source of classification or shelving scheme Dewey Decimal Classification
999 ## - SYSTEM CONTROL NUMBERS (KOHA)
-- 2
Existencias
Withdrawn status Lost status Source of classification or shelving scheme Damaged status Not for loan Collection Home library Current library Shelving location Date acquired Inventory number Total checkouts Full call number Barcode Date last seen Copy number Price effective from Koha item type
    Dewey Decimal Classification     General Miguel Henríquez Castañeda Miguel Henríquez Castañeda General 03/04/2019 005572   347.06 F43r 005572 03/04/2019 ej.1 03/04/2019 Libros
    Dewey Decimal Classification     General Miguel Henríquez Castañeda Miguel Henríquez Castañeda General 03/04/2019 005573   347.06 F43r 005573 03/04/2019 ej.2 03/04/2019 Libros